000 00719nam a2200253 a 4500
001 BRCA_382
005 20190320203002.0
008 161106c1992-------o---###---#000-0#eng-#
020 _a0091770033
050 4 _aNK4225
_b.P48 1992
100 1 _aPeterson, Susan
_d1925-
_91283
245 1 0 _aThe Complete Pottery Course
_cSusan Peterson.
250 _a2
260 _aLondres
_bEbury Press
_c1992.
300 _a368 p.
_bil. (algunas a color)
_c30 cm.
500 _aIncluye lista de artistas
500 _aIncluye glosario
500 _aDonación Consejo Británico
504 _aBibliografía: p. 363-368
650 1 4 _aCerámica
_91200
650 1 4 _aEscultura de cerámica
_91284
902 _aDCB
942 _2lcc
_cB
999 _c318
_d318